Geography Quiz #2 - Statistics

General Stats
  • This quiz has been taken 64 times
  • The average score is 10 of 19
Answer Stats
QUESTION ANSWER % Correct
What is Earth's largest continent? Asia
96%
What razor-thin country accounts for more than half of the western coastline of South America? Chile
83%
What ocean is home to 75% of the Earth's volcanoes? Pacific
70%
What is the deepest point in Earth's oceans? Mariana Trench
65%
Which African nation has the most pyramids? Sudan
65%
What river runs through Baghdad? Tigris
65%
What is the driest place on Earth? Antarctica
63%
What is the flattest continent? Australia
59%
Which U.S. state has the most active volcanoes? Alaska
57%
What is the tallest mountain in North America? Denali
57%
Along with Spain and France, what is the other country to have both Atlantic and Mediterranean coastlines? Morocco
56%
What country has the most natural lakes? Canada
48%
What country is the birth place of Cleopatra? Greece
46%
What mountain is nicknamed the "Savage Mountain"? K2
41%
What is the most densely populated country on Earth? Monaco
41%
What African country served as the setting for Tatooine in Star Wars? Tunisia
31%
What is the oldest city in the world? Damascus
22%
What is the only sea without any coasts? Sargasso
15%
What is the highest waterfall in Europe? Krimml
0%
No matching quizzes found
Score Distribution
Percent of People with Each Score
Percentile by Number Answered
Your Score History
You have not taken this quiz